000 00403nam a2200145Ia 4500
008 210210b1987 xxu||||| |||| 00| 0 eng d
020 _a81 212 0087 3
082 _a305.5 THAC
100 _aTHARA BHAI (L).
245 _aChanging patterns of caste and Class relations in south India.
260 _aDelhi.
_bGian Publishing House.,
_c1987
300 _a208
690 _aSocial Classes
906 _a045912
999 _c95443
_d95443